| Поле | Название | Значение |
| |
Тип записи |
c |
| |
Библиографический уровень |
m |
| 001 |
Контрольный номер |
RU/УОНБ/EK_N/322858381 |
| 005 |
Дата корректировки |
20250520122220.6 |
| 010 |
Индекс ISBN |
__ |
| 9 |
Тираж |
50000 экз. |
| 013 |
Номер (ISMN) |
__ |
| d |
Цена |
2 р. |
| 071 |
Издательские номер (звукозапись и ноты) |
21 |
| a |
Номер, присвоенный агентством |
9366 |
| 100 |
Данные общей обработки |
__ |
| a |
Данные общей обработки |
20191221d1991 u y0rusy0103||||ca |
| 101 |
Язык документа |
0_ |
| a |
Язык текста |
rus |
| f |
Язык титульного листа |
rus |
| 102 |
Страна публикации |
__ |
| a |
Страна публикации |
RU |
| 125 |
Кодированные данные звукозаписи и нотных изданий |
__ |
| a |
Форма изложения нотного текста |
с| |
| 128 |
Кодированные данные (звукозаписи-физические характеристики) |
__ |
| a |
Кодированные данные: Музыкальная форма и тональность или лад |
zz |
| c |
Инструменты или голоса, рекомендуемые для солистов (устаревшее) |
ka|| |
| 200 |
Заглавие и сведения об ответственности |
1_ |
| a |
Заглавие |
Музыкальные игры |
| b |
Общее обозначение материала |
[Ноты] |
| e |
Сведения, относящиеся к заглавию |
27 пьес для начинающего пианиста |
| f |
Первые сведения об ответственности |
В. Агафонников |
| g |
Последующие сведения об ответственности |
предисл. авт. |
| 210 |
Выходные данные |
1_ |
| a |
Место издания |
Москва |
| c |
Издательство |
Советский композитор |
| d |
Дата издания |
1991 |
| 215 |
Физическое описание |
__ |
| a |
Объем |
32 с. |
| d |
Формат |
29 см |
| 327 |
Примечание о содержании |
11 |
| a |
Примечание о содержании |
Содерж. : Спать пора, Мишка ; Кукушка ; Уж как шла лиса по тропке ; Сорока, сорока ; Веселая гамма ; Солнышко ; Соловушко и дрозд ; Чики, чики-кички ; Я куплю себе дуду ; Заяц белый ; Лес шумит ; Скачет зайка маленький ; Я во сад пошла ; А мы просо сеяли ; Танечка, баю-бай-бай ; Жалоба ; Былинный напев ; Кузнечик ; Колыбельная ; Осенний пейзаж ; Ты коси, моя коса ; Табакерка ; В поле на пригорке ; Заплетися, плетень ; А я по лугу ; Татити-татити ; Слава. |
| 464 |
Аналитический уровень |
_0 |
| 1 |
|
2001 |
| a |
|
Спать пора, Мишка |
| 464 |
Аналитический уровень |
_0 |
| 1 |
|
2001 |
| a |
|
Кукушка |
| 464 |
Аналитический уровень |
_0 |
| 1 |
|
2001 |
| a |
|
Уж как шла лиса по тропке |
| 464 |
Аналитический уровень |
_0 |
| 1 |
|
2001 |
| a |
|
Сорока, сорока |
| 464 |
Аналитический уровень |
_0 |
| 1 |
|
2001 |
| a |
|
Веселая гамма |
| 464 |
Аналитический уровень |
_0 |
| 1 |
|
2001 |
| a |
|
Солнышко |
| 464 |
Аналитический уровень |
_0 |
| 1 |
|
2001 |
| a |
|
Соловушко и дрозд |
| 464 |
Аналитический уровень |
_0 |
| 1 |
|
2001 |
| a |
|
Чики, чики-кички |
| 464 |
Аналитический уровень |
_0 |
| 1 |
|
2001 |
| a |
|
Я куплю себе дуду |
| 464 |
Аналитический уровень |
_0 |
| 1 |
|
2001 |
| a |
|
Заяц белый |
| 464 |
Аналитический уровень |
_0 |
| 1 |
|
2001 |
| a |
|
Лес шумит |
| 464 |
Аналитический уровень |
_0 |
| 1 |
|
2001 |
| a |
|
Скачет зайка маленький |
| 464 |
Аналитический уровень |
_0 |
| 1 |
|
2001 |
| a |
|
Я во сад пошла |
| 464 |
Аналитический уровень |
_0 |
| 1 |
|
2001 |
| a |
|
А мы просо сеяли |
| 464 |
Аналитический уровень |
_0 |
| 1 |
|
2001 |
| a |
|
Танечка, баю-бай-бай |
| 464 |
Аналитический уровень |
_0 |
| 1 |
|
2001 |
| a |
|
Жалоба |
| 464 |
Аналитический уровень |
_0 |
| 1 |
|
2001 |
| a |
|
Былинный напев |
| 464 |
Аналитический уровень |
_0 |
| 1 |
|
2001 |
| a |
|
Кузнечик |
| 464 |
Аналитический уровень |
_0 |
| 1 |
|
2001 |
| a |
|
Колыбельная |
| 464 |
Аналитический уровень |
_0 |
| 1 |
|
2001 |
| a |
|
Осенний пейзаж |
| 464 |
Аналитический уровень |
_0 |
| 1 |
|
2001 |
| a |
|
Ты коси, моя коса |
| 464 |
Аналитический уровень |
_0 |
| 1 |
|
2001 |
| a |
|
Табакерка |
| 464 |
Аналитический уровень |
_0 |
| 1 |
|
2001 |
| a |
|
В поле на пригорке |
| 464 |
Аналитический уровень |
_0 |
| 1 |
|
2001 |
| a |
|
Заплетися, плетень |
| 464 |
Аналитический уровень |
_0 |
| 1 |
|
2001 |
| a |
|
А я по лугу |
| 464 |
Аналитический уровень |
_0 |
| 1 |
|
2001 |
| a |
|
Татити-татити |
| 464 |
Аналитический уровень |
_0 |
| 1 |
|
2001 |
| a |
|
Слава |
| 512 |
Заглавие обложки |
1_ |
| a |
Заглавие обложки |
Музыкальные игры |
| 600 |
Персоналии |
_1 |
| a |
Персоналии (Фамилия) |
Агафонников, Владислав Германович |
| 606 |
Тематические рубрики |
0_ |
| a |
Основная рубрика |
Фортепиано |
| x |
Основная подрубрика |
Музыкальные игры |
| 610 |
Ключевые слова |
0_ |
| a |
Ключевые слова |
фортепиано |
| 610 |
Ключевые слова |
0_ |
| a |
Ключевые слова |
музыкальные игры |
| 610 |
Ключевые слова |
0_ |
| a |
Ключевые слова |
Агафонников В. Г. |
| 686 |
Индексы других классификаций |
__ |
| a |
Классификационный индекс |
85.954.2я44 |
| 2 |
Код системы |
rubbk |
| 700 |
Автор |
_1 |
| a |
Фамилия |
Агафонников |
| b |
Имя (инициалы) |
В. Г. |
| g |
Полное личное имя |
Владислав Германович |
| 702 |
Вторичная интеллектуальная ответственность |
_1 |
| a |
Фамилия |
Агафонников |
| b |
Имя (инициалы) |
В. Г. |
| 4 |
Код отношения |
080 |
| 801 |
Источник записи |
_0 |
| a |
Страна |
RU |
| b |
Организация |
Ульяновская ОНБ |
| c |
Дата составления |
20191221 |
| g |
Правила каталогизации |
RCR |
| 801 |
Источник записи |
_1 |
| a |
Страна |
RU |
| b |
Организация |
Ульяновская ОНБ |
| c |
Дата составления |
20191221 |
| 901 |
Тип документа |
__ |
| t |
Тип документа |
m |
| 909 |
Создатель записи |
__ |
| a |
Создатель записи |
Лобина Л. И. |
| 938 |
Служебная информация |
__ |
| a |
Имя БД |
noti |
| b |
Имя библиотеки |
УОНБ |
| c |
Имя АИБС |
МАРК-SQL |
| d |
Номер DOC_ID в БД |
103 |